000 01209nam a2200289 i 4500
001 bg
245 0 0 _aMetody i systemy komputerowe w automatyce i elektrotechnice - V MSKAE 2003 :
_bŚrodkowoeuropejska V Konferencja Naukowo-Techniczna, Częstochowa - Poraj 16-17 września 2003 r.Cz. /
_c[red. nauk. Paweł Rolicz ; Politechnika Częstochowska. Wydział Elektryczny
_n2.
260 _aCzęstochowa :
_bWydaw. PC,
_c2003.
300 _aXII, 193-425 ss. :
_bil. ;
_c29 cm.
490 1 _aZeszyty Naukowe Politechniki Częstochowskiej. Elektrotechnika,
_x0867-3454 ;
_v18
500 _aNumer w ser. gł.: 157. - Tekst częśc. ang. - Streszcz. ang., pol.
504 _aBibliogr. po ref.
650 9 _aAutomatyka
650 9 _aElektrotechnika
650 9 _aInformatyka
_xstosowanie
655 _aMateriały konferencyjne
700 1 _aROLICZ, Paweł.
_eRed.
710 0 _aPolitechnika Częstochowska
_bWydział Elektryczny
830 0 _aZeszyty Naukowe Politechniki Częstochowskiej.
_pElektrotechnika
020 _a8371932197
040 _cBPK
041 w _apoleng
_bpoleng
080 _a681.5:621.3:004](061)
920 _a83-7193-219-7
942 _cKS
008 s pl f |000 0 pol
999 _c44579
_d44579
856 _uhttp://koha.tu.koszalin.pl/cgi-bin/koha/opac-detail.pl?biblionumber=44579
_yKatalog online BPK